| 000 | 00373 a2200121 4500 | ||
|---|---|---|---|
| 001 | ART_58296 | ||
| 005 | 20260410161610.0 | ||
| 008 | 260409a | ||
| 245 | 1 | 0 | _aAjuste por inflación: cierres 31/12/2022. |
| 100 | 1 | _aVeiras, Alberto | |
| 700 | 1 | _aPaulone, Héctor Mauricio | |
| 773 | 0 |
_tProfesional & Empresaria _g- Año XXV, Nº 283 (abr. 2023) _wREV70 |
|
| 999 |
_c10560 _d10560 |
||